| 000 | 00419nam a22001697a 4500 | ||
|---|---|---|---|
| 005 | 20231106150931.0 | ||
| 008 | 231106b |||||||| |||| 00| 0 eng d | ||
| 020 | _a978-93-272-1017-0 | ||
| 041 | _aeng | ||
| 082 | _a631.4 | ||
| 100 |
_aJAISWAL, DR.P. C _98236 |
||
| 245 | _aSOIL , PLANT AND WATER ANALYSIS | ||
| 260 |
_aLUDHIYANA _bKALYANI PUBLISHERS _c2003 |
||
| 300 | _a450;p | ||
| 650 | _aAGRICULTURE | ||
| 942 | _cBK | ||
| 999 |
_c8461 _d8459 |
||